A discourse by three drunkards on government / (Record no. 16148)

000 -LEADER
fixed length control field 00752pam a2200229 a 4500
020 ## - INTERNATIONAL STANDARD BOOK NUMBER
ISBN 0834801922 (pbk.) :
040 ## - CATALOGING SOURCE
Transcribing agency DLC
082 00 - DEWEY DECIMAL CLASSIFICATION NUMBER
Classification number 320 WEA 1984 A089 Or.
100 1# - MAIN ENTRY--AUTHOR NAME
Personal name Nakae, Chōmin,
245 12 - TITLE STATEMENT
Title A discourse by three drunkards on government /
250 ## - EDITION STATEMENT
Edition statement 1st ed.
260 ## - PUBLICATION, DISTRIBUTION, ETC. (IMPRINT)
Place of publication New York :
Name of publisher Weatherhill,
Year of publication 1984.
300 ## - PHYSICAL DESCRIPTION
Number of Pages 137 p. :
Other physical details port. ;
Dimensions 21 cm.
500 ## - GENERAL NOTE
General note Translation of: San suijin keirin mondō.
500 ## - GENERAL NOTE
General note Spine title: Three drunkards on government.
650 #0 - SUBJECT ADDED ENTRY--TOPICAL TERM
Topical Term Political science.
700 1# - ADDED ENTRY--PERSONAL NAME
Personal name Tsukui, Nobuko.
700 1# - ADDED ENTRY--PERSONAL NAME
Personal name Hammond, Jeffrey.
856 42 - ELECTRONIC LOCATION AND ACCESS
Uniform Resource Identifier http://www.loc.gov/catdir/enhancements/fy0661/84003666-b.html
856 42 - ELECTRONIC LOCATION AND ACCESS
Uniform Resource Identifier http://www.loc.gov/catdir/enhancements/fy0661/84003666-d.html
942 ## - ADDED ENTRY ELEMENTS (KOHA)
Koha item type សៀវភៅភាសាអង់គ្លេស
952 ## - LOCATION AND ITEM INFORMATION (KOHA)
Withdrawn status [LOCAL, KOHA] 0
952 ## - LOCATION AND ITEM INFORMATION (KOHA)
Withdrawn status [LOCAL, KOHA] 0
Holdings
Permanent Location Date acquired Koha item type Lost status Shelving location Barcode Current Location Full call number
Library Block A2018-01-16សៀវភៅភាសាអង់គ្លេស A089A18159Library Block A320 WEA 1984 A089 Or.
Library Block A2018-01-16សៀវភៅភាសាអង់គ្លេស A089A17350Library Block A320 WEA 1984 A089 Or.
មជ្ឈមណ្ឌលឯការនៃសាកលវិទ្យាល័យភូមិន្ទកសិកម្មចំការដូង

Powered by Koha